Riconosci lo Stato - Quiz n°77 - Statistics

Statistiche generali
  • Questo quiz è stato fatto 42 volte
  • Il punteggio medio è 9 su 12
Statistiche sulle risposte
Indizio Risposta % Corretto
Valuta Dollaro
92%
Popolazione 104.650 ab.
89%
Iniziale della Capitale P
89%
Indipendenza 3 novembre 1986 dagli Stati Uniti
86%
Superficie 702 km²
86%
Fuso Orario UTC+10
86%
Forma di Governo Repubblica parlamentare mista federale
81%
Presidente della Repubblica Wesley Simina
81%
PIL (nominale) 326 milioni di $
69%
ISU 0,633
67%
Tasso di crescita -0,343%
61%
Risposta Stati Federati di Micronesia
53%
Nessun quiz corrispondente trovato
Distribuzione punteggi
Percentuale di utenti per punteggio
Percentile per numero di risposta
I tuoi punteggi nel tempo
Non hai fatto questo quiz